000 00690pam a2200229 a 4500
001 1542158
005 20180228034703.0
008 910423r19921986njua b 001 0 eng
010 _a 91015994
020 _a0132635348
040 _aDLC
_cDLC
_dDLC
041 _aeng
080 _a660..28 SCO
082 0 0 _a660..28 SCO
_220
100 1 _a27
101 _aENG
245 1 0 _aElements of chemical reaction engineering /
_cH. Scott Fogler.
504 _aIncludes bibliographical references and index.
906 _a7
_bcbc
_corignew
_d1
_eocip
_f19
_gy-gencatlg
942 _2ddc
_cBK
999 _c43680
_d43680